[Event "Morso"]
[Site "Morso"]
[Date "2002.02.14"]
[Round "6"]
[White "Sokolovs, Andrei"]
[Black "Pedersen, Steffen"]
[Result "1-0"]
[WhiteElo "2512"]
[BlackElo "2440"]
[PlyCount "77"]
[EventDate "2002.02.09"]
[EventType "tourn"]
[EventRounds "9"]
[EventCountry "DEN"]
[EventCategory "10"]
[SourceTitle "CBM 088"]
[Source "ChessBase"]
[SourceDate "2002.03.21"]
[SourceVersion "1"]
[SourceVersionDate "2002.03.21"]
[SourceQuality "1"]

1. c4 Nf6 2. Nc3 c5 3. Nf3 e6 4. g3 Nc6 5. Bg2 d5 6. cxd5 Nxd5 7. O-O Be7 8.
Nxd5 exd5 9. d4 O-O 10. dxc5 Bxc5 11. Bf4 Re8 12. Qc2 Bb6 13. Rad1 Qf6 14. Rxd5
Be6 15. Ng5 g6 16. Rd6 Nd4 17. Qd2 Nf5 18. Ne4 Qg7 19. Rxb6 axb6 20. Bg5 Qd4
21. Nf6+ Kg7 22. Bh6+ Kh8 23. Nxe8 Rxe8 24. e4 Qxd2 25. Bxd2 Nd6 26. Bb4 Nb5
27. a4 Na7 28. Bc3+ Kg8 29. Bd4 Nc6 30. Bxb6 Bb3 31. a5 Re5 32. Ra1 Bc4 33. Rc1
Bd3 34. Rc3 Be2 35. Re3 Bc4 36. b3 Ba6 37. Rc3 f6 38. f4 Re7 39. Bf1 1-0

[Event "Morso"]
[Site "Morso"]
[Date "2002.02.15"]
[Round "7"]
[White "Pedersen, Steffen"]
[Black "Berg, Klaus"]
[Result "1/2-1/2"]
[WhiteElo "2440"]
[BlackElo "2418"]
[PlyCount "117"]
[EventDate "2002.02.09"]
[EventType "tourn"]
[EventRounds "9"]
[EventCountry "DEN"]
[EventCategory "10"]
[SourceTitle "CBM 088"]
[Source "ChessBase"]
[SourceDate "2002.03.21"]
[SourceVersion "1"]
[SourceVersionDate "2002.03.21"]
[SourceQuality "1"]

1. d4 d5 2. c4 c6 3. Nf3 Nf6 4. e3 Bf5 5. Nc3 e6 6. Nh4 Be4 7. f3 Bg6 8. Qb3
Qc7 9. Bd2 Nbd7 10. Rc1 Qb6 11. Qxb6 axb6 12. cxd5 exd5 13. g4 b5 14. g5 Ng8
15. e4 b4 16. Nd1 dxe4 17. Nxg6 hxg6 18. fxe4 Rh4 19. Bg2 Bd6 20. e5 Bc7 21.
Bxb4 Rxd4 22. Bc3 Rg4 23. O-O Ne7 24. Nf2 Rxg5 25. Ne4 Rh5 26. Nd6+ Bxd6 27.
exd6 Nf5 28. Bf3 Rh4 29. a3 Kf8 30. Rf2 Re8 31. b4 Nd4 32. Rd1 Nxf3+ 33. Rxf3
Re2 34. h3 Rhe4 35. Kf1 f6 36. Be1 R4e3 37. Rxe3 Rxe3 38. b5 Rxa3 39. bxc6 bxc6
40. Kg2 Kf7 41. Bg3 Ke6 42. Rc1 Ra6 43. Kf3 Ne5+ 44. Bxe5 fxe5 45. Rg1 Ra3+ 46.
Ke4 Ra4+ 47. Kf3 Rf4+ 48. Ke3 Rf6 49. Rd1 Kd7 50. Ke4 Rxd6 51. Rg1 Re6 52. h4
Kd6 53. Rd1+ Ke7 54. Ra1 Kf7 55. Rb1 Kg8 56. Rb8+ Kf7 57. Rb1 Re8 58. Rc1 Re6
59. Rb1 1/2-1/2

[Event "Morso"]
[Site "Morso"]
[Date "2002.02.15"]
[Round "7"]
[White "Prusikin, Michael"]
[Black "Sokolovs, Andrei"]
[Result "1/2-1/2"]
[WhiteElo "2519"]
[BlackElo "2512"]
[PlyCount "32"]
[EventDate "2002.02.09"]
[EventType "tourn"]
[EventRounds "9"]
[EventCountry "DEN"]
[EventCategory "10"]
[SourceTitle "CBM 088"]
[Source "ChessBase"]
[SourceDate "2002.03.21"]
[SourceVersion "1"]
[SourceVersionDate "2002.03.21"]
[SourceQuality "1"]

1. e4 e5 2. Bc4 Nf6 3. d3 c6 4. Nf3 Be7 5. Bb3 O-O 6. O-O d6 7. c3 Nbd7 8. Re1
Re8 9. Nbd2 Bf8 10. d4 h6 11. Bc2 g6 12. Nf1 Bg7 13. Ng3 Qe7 14. h3 b5 15. a4
Bb7 16. b3 a6 1/2-1/2

[Event "Morso"]
[Site "Morso"]
[Date "2002.02.15"]
[Round "7"]
[White "Rustemov, Alexander"]
[Black "Pedersen, Erik"]
[Result "1-0"]
[WhiteElo "2607"]
[BlackElo "2400"]
[PlyCount "59"]
[EventDate "2002.02.09"]
[EventType "tourn"]
[EventRounds "9"]
[EventCountry "DEN"]
[EventCategory "10"]
[SourceTitle "CBM 088"]
[Source "ChessBase"]
[SourceDate "2002.03.21"]
[SourceVersion "1"]
[SourceVersionDate "2002.03.21"]
[SourceQuality "1"]

1. d4 Nc6 2. Nf3 d5 3. c4 Bg4 4. cxd5 Bxf3 5. gxf3 Qxd5 6. e3 e5 7. Nc3 Bb4 8.
Bd2 Bxc3 9. bxc3 Qd6 10. Rb1 Rb8 11. f4 exf4 12. e4 Nge7 13. Qf3 Ng6 14. h4 h5
15. Rb5 O-O 16. Rxh5 Rfe8 17. Be2 Qe6 18. Kf1 Qxa2 19. Be1 Rbd8 20. Rg1 Rxd4
21. cxd4 Nxd4 22. Qd3 f3 23. Bxf3 Nxf3 24. Qxf3 Qc4+ 25. Kg2 Rxe4 26. Kh2 Qe6
27. Bd2 Qd6+ 28. Rg3 Rd4 29. Be3 Rxh4+ 30. Rxh4 1-0

[Event "Morso"]
[Site "Morso"]
[Date "2002.02.16"]
[Round "8"]
[White "Berg, Klaus"]
[Black "Prusikin, Michael"]
[Result "1/2-1/2"]
[WhiteElo "2418"]
[BlackElo "2519"]
[PlyCount "52"]
[EventDate "2002.02.09"]
[EventType "tourn"]
[EventRounds "9"]
[EventCountry "DEN"]
[EventCategory "10"]
[SourceTitle "CBM 088"]
[Source "ChessBase"]
[SourceDate "2002.03.21"]
[SourceVersion "1"]
[SourceVersionDate "2002.03.21"]
[SourceQuality "1"]

1. d4 Nf6 2. Bg5 d5 3. e3 Ne4 4. Bf4 c5 5. Bd3 e6 6. Bxe4 dxe4 7. Nc3 cxd4 8.
Qxd4 Qxd4 9. exd4 Bb4 10. Nge2 f5 11. O-O-O Nc6 12. Rhf1 O-O 13. f3 exf3 14.
Rxf3 Bd7 15. d5 exd5 16. Nxd5 Be6 17. Nxb4 Nxb4 18. Bd6 Nxa2+ 19. Kb1 Rfd8 20.
Rd4 a5 21. Rfd3 Bf7 22. b3 Rdc8 23. Be7 Re8 24. Rd8 Raxd8 25. Rxd8 Nb4 26. Nd4
Rxd8 1/2-1/2

[Event "Morso"]
[Site "Morso"]
[Date "2002.02.16"]
[Round "8"]
[White "Navara, David"]
[Black "Pedersen, Erik"]
[Result "1-0"]
[WhiteElo "2531"]
[BlackElo "2400"]
[PlyCount "61"]
[EventDate "2002.02.09"]
[EventType "tourn"]
[EventRounds "9"]
[EventCountry "DEN"]
[EventCategory "10"]
[SourceTitle "CBM 088"]
[Source "ChessBase"]
[SourceDate "2002.03.21"]
[SourceVersion "1"]
[SourceVersionDate "2002.03.21"]
[SourceQuality "1"]

1. e4 Nc6 2. Nf3 d6 3. d4 Nf6 4. d5 Nb8 5. Bd3 g6 6. c4 Bg7 7. h3 c6 8. Nc3 Na6
9. Be3 O-O 10. Rc1 e5 11. O-O c5 12. Ne1 Nh5 13. Bc2 Nc7 14. Nd3 a6 15. b4 cxb4
16. Nxb4 Qh4 17. Nd3 Bxh3 18. gxh3 Qxh3 19. Ne1 Nf4 20. Qf3 Qh6 21. Nd3 g5 22.
Bxf4 exf4 23. Bb1 Be5 24. c5 g4 25. Qh1 Qg5 26. cxd6 Ne8 27. Nxe5 Qxe5 28. Qh4
Nxd6 29. Na4 Kh8 30. Nc5 g3 31. Nd7 1-0

[Event "Morso"]
[Site "Morso"]
[Date "2002.02.16"]
[Round "8"]
[White "Sokolovs, Andrei"]
[Black "Rustemov, Alexander"]
[Result "1/2-1/2"]
[WhiteElo "2512"]
[BlackElo "2607"]
[PlyCount "40"]
[EventDate "2002.02.09"]
[EventType "tourn"]
[EventRounds "9"]
[EventCountry "DEN"]
[EventCategory "10"]
[SourceTitle "CBM 088"]
[Source "ChessBase"]
[SourceDate "2002.03.21"]
[SourceVersion "1"]
[SourceVersionDate "2002.03.21"]
[SourceQuality "1"]

1. e4 c6 2. d4 d5 3. exd5 cxd5 4. c4 Nf6 5. Nc3 e6 6. Nf3 Bb4 7. cxd5 Nxd5 8.
Bd2 Nc6 9. Bd3 O-O 10. O-O Be7 11. a3 Nxc3 12. bxc3 b6 13. Qe2 Bb7 14. Qe4 g6
15. Rfe1 Bf6 16. Bh6 Bg7 17. Qf4 Bxh6 18. Qxh6 Qf6 19. Be4 Rac8 20. Re3 Qg7
1/2-1/2

[Event "Morso"]
[Site "Morso"]
[Date "2002.02.17"]
[Round "9"]
[White "Miezis, Normunds"]
[Black "Navara, David"]
[Result "0-1"]
[WhiteElo "2498"]
[BlackElo "2531"]
[PlyCount "114"]
[EventDate "2002.02.09"]
[EventType "tourn"]
[EventRounds "9"]
[EventCountry "DEN"]
[EventCategory "10"]
[SourceTitle "CBM 088"]
[Source "ChessBase"]
[SourceDate "2002.03.21"]
[SourceVersion "1"]
[SourceVersionDate "2002.03.21"]
[SourceQuality "1"]

1. c4 e5 2. Nc3 Nc6 3. g3 g6 4. Bg2 Bg7 5. d3 d6 6. e4 f5 7. Nge2 Nge7 8. Nd5
O-O 9. Be3 Be6 10. Qd2 Qd7 11. h4 fxe4 12. dxe4 Bg4 13. O-O a6 14. f3 Be6 15.
a4 b6 16. Kh2 Na5 17. Qc3 Nb7 18. b3 a5 19. Rad1 Nc5 20. Rb1 Rf7 21. Qd2 Nc6
22. Ndc3 Kh8 23. Nd5 Raf8 24. Ndc3 Qc8 25. Nd5 Bd7 26. Ndc3 Ne6 27. Nb5 Qd8 28.
Rbd1 Bc8 29. Qc1 Bf6 30. f4 exf4 31. gxf4 Bg7 32. Kg1 Qxh4 33. Rd5 Bh6 34. f5
Bxe3+ 35. Qxe3 gxf5 36. exf5 Ng7 37. Ng3 Ne5 38. Rf4 Qh6 39. Qd4 Nxf5 40. Nxf5
Rxf5 41. Rxf5 Bxf5 42. Nxd6 cxd6 43. Rxd6 Qg7 44. Kh1 Rg8 45. Qf2 Nd3 46. Qf1
Nf4 47. Bc6 Bh3 48. Qf2 Qa1+ 49. Kh2 Bg2 50. Qd4+ Qxd4 51. Rxd4 Bxc6 52. Rxf4
Rg2+ 53. Kh3 Rb2 54. Kh4 Rxb3 55. Kg5 Kg7 56. Rd4 Bxa4 57. c5 Rb4 0-1

[Event "Morso"]
[Site "Morso"]
[Date "2002.02.17"]
[Round "9"]
[White "Pedersen, Erik"]
[Black "Sokolovs, Andrei"]
[Result "1/2-1/2"]
[WhiteElo "2400"]
[BlackElo "2512"]
[PlyCount "79"]
[EventDate "2002.02.09"]
[EventType "tourn"]
[EventRounds "9"]
[EventCountry "DEN"]
[EventCategory "10"]
[SourceTitle "CBM 088"]
[Source "ChessBase"]
[SourceDate "2002.03.21"]
[SourceVersion "1"]
[SourceVersionDate "2002.03.21"]
[SourceQuality "1"]

1. d4 g6 2. Nf3 Bg7 3. Bf4 d6 4. e3 Nd7 5. h3 e5 6. Bh2 Ne7 7. Be2 O-O 8. O-O
b6 9. c3 Bb7 10. a4 a6 11. Na3 Nf5 12. b4 Qe7 13. Nc2 Rfe8 14. Re1 Nf6 15. a5
Ne4 16. Ra3 bxa5 17. bxa5 c5 18. d5 c4 19. Nb4 Nh4 20. Qc2 Nxf3+ 21. Bxf3 Nf6
22. e4 Qc7 23. Rb1 Qc5 24. Be2 Bc8 25. Ra4 Nxe4 26. Qxe4 Bf5 27. Qxc4 Qxc4 28.
Bxc4 Bxb1 29. Bxa6 Reb8 30. Bf1 Bh6 31. Nc6 Rb2 32. Rb4 Rxb4 33. cxb4 Bd2 34.
a6 Ba2 35. b5 Kf8 36. Nxe5 dxe5 37. b6 Bc3 38. b7 Bxd5 39. bxa8=Q+ Bxa8 40. Bc4
1/2-1/2

[Event "Morso"]
[Site "Morso"]
[Date "2002.02.17"]
[Round "9"]
[White "Pedersen, Steffen"]
[Black "Aronian, Levon"]
[Result "1-0"]
[WhiteElo "2440"]
[BlackElo "2584"]
[PlyCount "91"]
[EventDate "2002.02.09"]
[EventType "tourn"]
[EventRounds "9"]
[EventCountry "DEN"]
[EventCategory "10"]
[SourceTitle "CBM 088"]
[Source "ChessBase"]
[SourceDate "2002.03.21"]
[SourceVersion "1"]
[SourceVersionDate "2002.03.21"]
[SourceQuality "1"]

1. d4 Nf6 2. c4 e6 3. g3 d5 4. Nf3 dxc4 5. Bg2 a6 6. O-O Nc6 7. a4 Na5 8. Nbd2
b5 9. axb5 axb5 10. Nxc4 bxc4 11. Ne5 Nd5 12. Bd2 c5 13. Qe1 Bd6 14. Bxa5 Qe7
15. Nxc4 cxd4 16. Nxd6+ Qxd6 17. Qd2 O-O 18. Qxd4 Ba6 19. Rfe1 Qb8 20. e4 Nf6
21. Bc3 Rd8 22. Qe5 Qxe5 23. Bxe5 Bc4 24. Rxa8 Rxa8 25. Rc1 Bd3 26. f3 h5 27.
Rc3 Ra1+ 28. Kf2 Rd1 29. Bf4 Bb5 30. Rc8+ Kh7 31. Rc5 Ba6 32. Rc1 Rd4 33. Rc2
Rd1 34. Rc1 Rd4 35. Bf1 Bxf1 36. Kxf1 Rb4 37. Rc2 Nd7 38. Rc7 Nf6 39. Be5 Kg6
40. Bc3 Ra4 41. h4 Ra1+ 42. Kf2 Rc1 43. Ke2 Ne8 44. Rd7 Rg1 45. Be1 f5 46. e5
1-0

[Event "Morso"]
[Site "Morso"]
[Date "2002.02.17"]
[Round "9"]
[White "Rustemov, Alexander"]
[Black "Berg, Klaus"]
[Result "1/2-1/2"]
[WhiteElo "2607"]
[BlackElo "2418"]
[PlyCount "25"]
[EventDate "2002.02.09"]
[EventType "tourn"]
[EventRounds "9"]
[EventCountry "DEN"]
[EventCategory "10"]
[SourceTitle "CBM 088"]
[Source "ChessBase"]
[SourceDate "2002.03.21"]
[SourceVersion "1"]
[SourceVersionDate "2002.03.21"]
[SourceQuality "1"]

1. d4 c6 2. c4 d5 3. e3 Bf5 4. cxd5 cxd5 5. Qb3 Qc7 6. Bd2 e6 7. Bb5+ Nc6 8.
Nf3 Bd6 9. Bb4 Nf6 10. Qa3 Bxb4+ 11. Qxb4 Qe7 12. Qa4 O-O 13. O-O 1/2-1/2